000 01003nam a2200217Ia 4500
999 _c37861
_d37861
001 3839
003 GE_BSU
005 20190814173459.0
008 181216s1986||||ge |||||||||||||| ||geo||
040 _cGE_BSU
041 _ageo
080 _a122/129 უ–59
245 _aკატეგორიის თეორიის პრობლემები /
_cრედ. ვ. კალანდარიშვილი; საქ. სსრ. მეცნ. აკად. ფილოსოფიის კათედრა.
264 _aთბ. :
_bმეცნიერება,
_c1986.
300 _a215 გვ.
_b22 სმ.
653 _aდიალექტიკა
653 _aდიალექტიის კატეგორიები
700 _aკალანდარიშვილი, ვ.
_eრედაქტორი
_93604
710 _aსაქ. სსრ. მეცნ. აკად. ფილოსოფიის კათედრა.
_93605
942 _cBK
_2udc